01669nam a2200277uu 4500001000800000005001700008007001000025008004100035035001200076040001300088041000800101080000700109100004400116245008300160260004300243300001300286520068000299650001700979650003200996650002201028650002501050650003101075700003801106856006101144500018601205121049720260508065922.0co|||||||100805s2010 spa  a1210497 ccomduadb aspa aJE10aGallego Gil, Robinson Alberto4auteaut13aLa formación de exploradores en el acuario del parque Explora de Medellín. aMedellín :b[sin publicador],c2010. a1 CD-ROM3 aA través del tiempo se ha demostrado que las visitas a los museos generan una multitud de interacciones con los objetos, con los espacios y con otras personas, que además detonan sensaciones, emociones, recuerdos, etc. (Ochoa, 2008). En este caso los Museos de Ciencia (MC) se consideran como espacios dedicados a crear, en el visitante, estímulos a favor del conocimiento y del método científico, puesto que la ciencia es la forma de intuición más influyente en la vida del ciudadano (Vasquez,2004). Es necesario contar con el apoyo de estas instituciones para el fortalecimiento de las nociones conceptuales y científicas de los individuos de la sociedad.  aExploradores aLicenciatura en educación aMuseo de ciencias aMuseos y educación 7aCienciaxEnseñanza2lemb10aMontoya, Ladys Cristina4thseths4 uhttps://bibliotecadigital.udea.edu.co/handle/10495/27636 aTesis (Licenciatura en Educacion Basica con Énfasis en Ciencias Naturales y Educación Ambiental). Universidad de Antioquia. Facultad de Educación - Título del grado otorgado